Agenda Civil de Nuevo Len̤ 2020

Detalles Bibliográficos
Formato: eBook
Lenguaje:español
Publicado: Ciudad de Mx̌ico: Ediciones Fiscales ISEF, 2020
Materias:
Acceso en línea:Acceso restringido

MARC

LEADER 00000nam a22000007a 4500
005 20200602165945.0
007 cr|||| |||
008 200602s2020 mx |||||s|||| 00||0 spa d
020 |a 978-607-541-190-3 
035 |a 31700 
040 |a vLex 
090 |c 10505  |d 10505 
245 0 0 |a Agenda Civil de Nuevo Len̤ 2020  |h [Recurso electrn̤ico] / 
256 |a Servicio en ln̕ea 
260 |a Ciudad de Mx̌ico:  |b Ediciones Fiscales ISEF,  |c 2020 
300 |a 1 recurso electrn̤ico 
500 |a La mejor recopilacin̤ informacin̤ legal en materia civil para el Estado de Nuevo Len̤. 
506 1 |a Disponible solo en los productos indicados  |d vLex Global  |d vLex Global (Academic Edition, excluding Law Schools)  |d vLex Global (U.S. Academic Edition, Law Schools)  |d vLex Global (U.S. Academic Edition, excluding Law Schools)  |d vLex Global (Academic Edition, Law Schools) 
650 0 4 |a Derecho Civil  |z Mx̌ico 
740 0 |a vLex Libros (Servicio en ln̕ea) 
856 4 0 |u http://vlex.com/source/agenda-civil-de-nuevo-leon-2020-31700  |z Acceso restringido 
942 |c BOOK 
999 0 |a Civil Law